[Event "ESP-chT CECLUB Div2"]
[Site "Linares"]
[Date "2020.08.25"]
[Round "3.4"]
[White "Castillo Sanchez, Juan Jose"]
[Black "Crespo Ruiz, Manuel Maria"]
[Result "0-1"]
[WhiteElo "1304"]
[BlackElo "2045"]
[PlyCount "66"]
[EventDate "2020.08.24"]
[EventType "team-tourn"]
[EventRounds "6"]
[EventCountry "ESP"]
[SourceTitle "CBM 198 Extra"]
[Source "ChessBase"]
[SourceDate "2020.11.30"]
[SourceVersion "1"]
[SourceVersionDate "2020.11.30"]
[SourceQuality "1"]
[WhiteTeam "Ceuta AD"]
[BlackTeam "Nazari"]
[WhiteTeamCountry "ESP"]
[BlackTeamCountry "ESP"]

1. e4 d5 2. exd5 Qxd5 3. Nc3 Qd6 4. Bc4 Nf6 5. h3 a6 6. Nge2 b5 7. Bb3 Bb7 8. 0-0 c5 9. a3 Nbd7 10. d3 e6 11. Re1 h6 12. Bf4 Qc6 13. f3 Bd6 14. Bxd6 Qxd6 15. Ne4 Qb6 16. Kf1 0-0 17. N2g3 Rfd8 18. Qe2 Rac8 19. c4 bxc4 20. Bxc4 Nd5 21. Bxd5 Bxd5 22. Rac1 Nf8 23. Qe3 Qxb2 24. Nxc5 Qxa3 25. d4 Qb2 26. Nxa6 Bc4+ 27. Kg1 Bxa6 28. Rxc8 Bxc8 29. Rd1 Ng6 30. Rd2 Qc1+ 31. Kh2 Bb7 32. Re2 Qc7 33. Kg1 Qxg3 0-1